[Event "2021 FIDE Online Olympiad"]
[Site "Chess.com"]
[Date "2021.08.28"]
[Round "4.4"]
[White "Quevedo, Andreina"]
[Black "James, Shemilah"]
[Result "0-1"]
[WhiteElo "1843"]
[BlackElo "1494"]
[PlyCount "54"]
[EventDate "2021.08.27"]
[EventType "team"]
[EventRounds "9"]
[SourceVersionDate "2018.05.14"]
[WhiteTeam "Uruguay"]
[BlackTeam "Trinidad & Tobago"]
[WhiteTeamCountry "URU"]

1. e4 e5 2. Nf3 Nc6 3. Bc4 Bc5 4. c3 Nf6 5. d3 d6 6. Bb3 O-O 7. O-O Ne7 8. Re1
Ng6 9. d4 exd4 10. cxd4 Bb4 11. Bd2 Bxd2 12. Nbxd2 Nh5 13. Qc2 Nhf4 14. Rad1
Nh4 15. Nxh4 Qxh4 16. g3 Nh3+ 17. Kg2 Qf6 18. Nf3 Bg4 19. Rd3 Ng5 20. Nxg5 Qxg5
21. Qxc7 Qb5 22. Rd2 Rac8 23. Qxd6 Qa5 24. Red1 Bxd1 25. Rxd1 Qh5 26. d5 Qg6
27. f3 Qxd6 0-1

[Event "2021 FIDE Online Olympiad"]
[Site "Chess.com"]
[Date "2021.08.28"]
[Round "4.5"]
[White "Ramsumair, Daenon"]
[Black "Vazquez, Facundo"]
[Result "0-1"]
[WhiteElo "1469"]
[BlackElo "1970"]
[PlyCount "22"]
[EventDate "2021.08.27"]
[EventType "team"]
[EventRounds "9"]
[SourceVersionDate "2018.05.14"]
[WhiteTeam "Trinidad & Tobago"]
[BlackTeam "Uruguay"]
[BlackTeamCountry "URU"]

1. e4 e6 2. d4 d5 3. exd5 exd5 4. Nf3 Nc6 5. Be2 Bd6 6. O-O Nge7 7. Nc3 a6 8.
Re1 O-O 9. Bd3 Nb4 10. Bxh7+ Kxh7 11. Ng5+ Kg8 0-1

[Event "2021 FIDE Online Olympiad"]
[Site "Chess.com"]
[Date "2021.08.28"]
[Round "4.6"]
[White "Malan, Lucia"]
[Black "La Fleur, Zara"]
[Result "1-0"]
[WhiteElo "1876"]
[BlackElo "1299"]
[PlyCount "93"]
[EventDate "2021.08.27"]
[EventType "team"]
[EventRounds "9"]
[SourceVersionDate "2018.05.14"]
[WhiteTeam "Uruguay"]
[BlackTeam "Trinidad & Tobago"]
[WhiteTeamCountry "URU"]

1. e4 e5 2. Nf3 Nc6 3. Bb5 Bc5 4. O-O d6 5. c3 Bd7 6. d4 exd4 7. cxd4 Bb6 8.
Nc3 Nge7 9. Bf4 O-O 10. Rc1 Bg4 11. d5 Nd4 12. Be2 Nxe2+ 13. Qxe2 Ng6 14. Bg3
Qf6 15. Qd3 h5 16. h3 Bd7 17. Nb5 Rac8 18. Nbd4 h4 19. Bh2 a6 20. Rfe1 Rfe8 21.
Rc2 Nf4 22. Qd2 Nh5 23. e5 dxe5 24. Bxe5 Qd8 25. Bh2 Rxe1+ 26. Qxe1 Qf6 27. Be5
Qd8 28. Re2 f6 29. Bh2 Bxd4 30. Nxd4 Qf8 31. Ne6 Bxe6 32. Rxe6 Qc5 33. Re8+
Rxe8 34. Qxe8+ Kh7 35. Qxh5+ Kg8 36. Qd1 g5 37. g3 Qb5 38. gxh4 Qxb2 39. hxg5
fxg5 40. Bxc7 Qxa2 41. d6 Qe6 42. d7 Qxh3 43. d8=Q+ Kg7 44. Qxg5+ Kf7 45. Qdd5+
Ke8 46. Qdd8+ Kf7 47. Qgf6# 1-0

[Event "2021 FIDE Online Olympiad"]
[Site "Chess.com"]
[Date "2021.08.28"]
[Round "4.1"]
[White "Benitez Galeano, Alejandro"]
[Black "Jean Louis, Marckens"]
[Result "1-0"]
[WhiteElo "1985"]
[BlackElo "2053"]
[PlyCount "101"]
[EventDate "2021.08.27"]
[EventType "team"]
[EventRounds "9"]
[SourceVersionDate "2018.05.14"]
[WhiteTeam "Paraguay"]
[BlackTeam "Haiti"]
[WhiteTeamCountry "PAR"]
[BlackTeamCountry "HAI"]

1. Nf3 c6 2. g3 d5 3. Bg2 Nf6 4. O-O Bg4 5. c4 Bxf3 6. Bxf3 e6 7. cxd5 cxd5 8.
Nc3 a6 9. d3 Bd6 10. Re1 Nc6 11. Bg2 Qb6 12. e4 d4 13. Ne2 e5 14. Bh3 Qb5 15.
a3 Na5 16. b4 Nc6 17. Rb1 Qb6 18. f4 O-O 19. Rf1 exf4 20. gxf4 Nxe4 21. dxe4
d3+ 22. Kh1 dxe2 23. Qxe2 Rfe8 24. Rg1 Qd4 25. Bb2 Qxe4+ 26. Qxe4 Rxe4 27.
Rxg7+ Kf8 28. Rxh7 Rae8 29. Bf6 Re1+ 30. Rxe1 Rxe1+ 31. Kg2 Ne7 32. Rh8+ Ng8
33. Bf5 Be7 34. Bxe7+ Rxe7 35. Bh7 Kg7 36. Rxg8+ Kxh7 37. Rg3 Kh6 38. Kf3 Kh5
39. f5 f6 40. Rg6 Rc7 41. Rxf6 Kg5 42. Rf8 Rc4 43. Ke3 Kh6 44. Rg8 Kh7 45. Rg3
Kh6 46. f6 Kh7 47. f7 Rc8 48. Rg8 Rxg8 49. fxg8=Q+ Kxg8 50. Kd4 Kf7 51. Kc5 1-0

[Event "2021 FIDE Online Olympiad"]
[Site "Chess.com"]
[Date "2021.08.28"]
[Round "4.2"]
[White "Gabriel, Davidson"]
[Black "Heinechen, Juan"]
[Result "1-0"]
[WhiteElo "1915"]
[BlackElo "2001"]
[PlyCount "77"]
[EventDate "2021.08.27"]
[EventType "team"]
[EventRounds "9"]
[SourceVersionDate "2018.05.14"]
[WhiteTeam "Haiti"]
[BlackTeam "Paraguay"]
[WhiteTeamCountry "HAI"]
[BlackTeamCountry "PAR"]

1. d4 Nf6 2. c4 e6 3. Nc3 c5 4. dxc5 Bxc5 5. Nf3 b6 6. e3 Bb7 7. Be2 h6 8. a3
Be7 9. b3 d6 10. Bb2 Nbd7 11. Nb5 Nc5 12. O-O a6 13. Nc3 g5 14. b4 Nce4 15.
Nxe4 Bxe4 16. Nd2 Bh7 17. Bf3 Ra7 18. Bc6+ Kf8 19. Qf3 Rg8 20. Rac1 Rc7 21. b5
a5 22. Bd4 Nd7 23. Bxd7 Rxd7 24. Qc6 a4 25. Bxb6 Qe8 26. Bd4 e5 27. Bc3 Kg7 28.
f4 Bd3 29. Rf2 gxf4 30. exf4 Bh4 31. g3 Kh7 32. Qd5 e4 33. Nf1 Bd8 34. Ne3 Bh4
35. Qh5 Bxg3 36. Qf5+ Rg6 37. hxg3 Kg8 38. Rg2 Re7 39. Nd5 1-0

[Event "2021 FIDE Online Olympiad"]
[Site "Chess.com"]
[Date "2021.08.28"]
[Round "4.3"]
[White "Perez Rodriguez, Jennifer"]
[Black "Seine, Rose Berline"]
[Result "1-0"]
[WhiteElo "2150"]
[BlackElo "1679"]
[PlyCount "45"]
[EventDate "2021.08.27"]
[EventType "team"]
[EventRounds "9"]
[SourceVersionDate "2018.05.14"]
[WhiteTeam "Paraguay"]
[BlackTeam "Haiti"]
[WhiteTeamCountry "PAR"]
[BlackTeamCountry "HAI"]

1. e4 e5 2. Nc3 Nc6 3. f4 exf4 4. Nf3 Bc5 5. d4 Bb6 6. Bxf4 d6 7. h3 h6 8. Bc4
Nf6 9. Qd2 Bd7 10. O-O-O Qe7 11. Rhe1 O-O-O 12. Nd5 Qf8 13. Nxb6+ axb6 14. Kb1
Na5 15. Bd3 Qe8 16. d5 b5 17. Qxa5 Kb8 18. Nd4 g5 19. Be3 b6 20. Qb4 Kb7 21.
Nxb5 Bxb5 22. Bxb5 Qxe4 23. Bc6+ 1-0

[Event "2021 FIDE Online Olympiad"]
[Site "Chess.com"]
[Date "2021.08.28"]
[Round "4.4"]
[White "Dunat, Kinberlie"]
[Black "Mayeregger Gonzalez, Renata"]
[Result "1-0"]
[WhiteElo "1398"]
[BlackElo "1007"]
[PlyCount "87"]
[EventDate "2021.08.27"]
[EventType "team"]
[EventRounds "9"]
[SourceVersionDate "2018.05.14"]
[WhiteTeam "Haiti"]
[BlackTeam "Paraguay"]
[WhiteTeamCountry "HAI"]
[BlackTeamCountry "PAR"]

1. e4 d5 2. exd5 Nf6 3. Nc3 Nxd5 4. Nxd5 Qxd5 5. Nf3 Nc6 6. d4 Bg4 7. c3 e6 8.
Be2 Be7 9. h3 Bh5 10. Bf4 Bd6 11. Qd2 Bg6 12. Bxd6 cxd6 13. c4 Qe4 14. O-O O-O
15. Rfd1 Ne7 16. Ng5 Qc6 17. d5 exd5 18. cxd5 Qb6 19. b3 Rac8 20. Rac1 h6 21.
Nf3 Be4 22. Nh4 Nxd5 23. Bc4 Nf6 24. Qxd6 Rc6 25. Qe5 Rc5 26. Qd4 Qc7 27. Qd6
Qxd6 28. Rxd6 Rfc8 29. f3 Bh7 30. Rcd1 Kf8 31. a4 a6 32. Rb6 R5c7 33. f4 Nd7
34. Rbd6 Nf6 35. Rd8+ Rxd8 36. Rxd8+ Ke7 37. Rd2 Ne4 38. Re2 Kf8 39. Bd3 Rc1+
40. Kh2 Nc3 41. Rd2 Ne4 42. Bc4 Nxd2 43. Nf3 Nxc4 44. bxc4 1-0

[Event "2021 FIDE Online Olympiad"]
[Site "Chess.com"]
[Date "2021.08.28"]
[Round "4.5"]
[White "Melian, Juan Sebastian"]
[Black "Etienne, Angelo"]
[Result "1/2-1/2"]
[WhiteElo "1597"]
[BlackElo "1995"]
[PlyCount "129"]
[EventDate "2021.08.27"]
[EventType "team"]
[EventRounds "9"]
[SourceVersionDate "2018.05.14"]
[WhiteTeam "Paraguay"]
[BlackTeam "Haiti"]
[WhiteTeamCountry "PAR"]
[BlackTeamCountry "HAI"]

1. e4 c6 2. d4 d5 3. Nc3 dxe4 4. Nxe4 Nd7 5. Qe2 Ndf6 6. c3 Nxe4 7. Qxe4 Nf6 8.
Qe2 Bg4 9. Nf3 e6 10. g3 Bxf3 11. Qxf3 Qd5 12. Bg2 Qxf3 13. Bxf3 Bd6 14. O-O
O-O 15. Rd1 Rac8 16. Be3 h6 17. c4 Rfd8 18. Kg2 Kf8 19. Rd3 b6 20. Rad1 Ke7 21.
b3 Rd7 22. h4 e5 23. dxe5 Bxe5 24. Rxd7+ Nxd7 25. Re1 Kf6 26. g4 g5 27. hxg5+
hxg5 28. Re2 Ba1 29. Rd2 Ne5 30. Be2 Re8 31. b4 Bc3 32. Rd6+ Re6 33. Rxe6+ Kxe6
34. b5 cxb5 35. cxb5 f6 36. Bd1 Kd5 37. Be2 Bd4 38. Bc1 Bc3 39. Ba3 Nc4 40. Be7
Be5 41. Bf3+ Kd4 42. Bd8 Nd6 43. a4 Kc4 44. a5 Kxb5 45. axb6 axb6 46. Be2+ Kc5
47. Kf3 b5 48. Be7 b4 49. Ke3 Kd5 50. Bxd6 Bxd6 51. Kd3 Ke5 52. Bd1 Kf4 53. f3
Bc5 54. Ke2 Bd4 55. Bb3 Ba1 56. Ba2 Ke5 57. Kd3 Bc3 58. Bb3 Kd6 59. Kc4 Kc6 60.
Bc2 Kb6 61. Be4 Ka5 62. Kb3 Kb5 63. Bf5 Kc5 64. Be4 Kd4 65. Ba8 1/2-1/2

[Event "2021 FIDE Online Olympiad"]
[Site "Chess.com"]
[Date "2021.08.28"]
[Round "4.6"]
[White "Cadeau, Merisena"]
[Black "Perez Canete, Dora Romina"]
[Result "0-1"]
[WhiteElo "1439"]
[BlackElo "1374"]
[PlyCount "66"]
[EventDate "2021.08.27"]
[EventType "team"]
[EventRounds "9"]
[SourceVersionDate "2018.05.14"]
[WhiteTeam "Haiti"]
[BlackTeam "Paraguay"]
[WhiteTeamCountry "HAI"]
[BlackTeamCountry "PAR"]

1. e4 e5 2. Nf3 Nc6 3. Bc4 Nf6 4. Nc3 Bc5 5. d3 h6 6. Be3 Bxe3 7. fxe3 d6 8.
O-O O-O 9. h3 Na5 10. Bb3 Nxb3 11. axb3 Be6 12. Qe2 c6 13. d4 exd4 14. exd4 Re8
15. Rad1 Nh5 16. Qf2 Qc7 17. Qh4 Nf6 18. e5 dxe5 19. dxe5 Nd7 20. Rfe1 Bf5 21.
Nd4 Be6 22. Qf4 f6 23. Nxe6 Rxe6 24. Qf5 Rxe5 25. Qxd7 Rxe1+ 26. Kf2 Qxd7 27.
Rxd7 Rc1 28. Rxb7 Rxc2+ 29. Kf3 Rxb2 30. Na4 Rd2 31. Nc5 Re8 32. Rxa7 Rde2 33.
g4 g5 0-1

[Event "2021 FIDE Online Olympiad"]
[Site "Chess.com"]
[Date "2021.08.28"]
[Round "4.1"]
[White "Sanches, Casanova Romario"]
[Black "Kamwendo, Precious"]
[Result "0-1"]
[WhiteElo "1954"]
[BlackElo "1934"]
[PlyCount "128"]
[EventDate "2021.08.27"]
[EventType "team"]
[EventRounds "9"]
[SourceVersionDate "2018.05.14"]
[WhiteTeam "Suriname"]
[BlackTeam "Malawi"]
[WhiteTeamCountry "SUR"]
[BlackTeamCountry "MWI"]

1. e4 c5 2. Nf3 d6 3. d4 cxd4 4. Nxd4 Nf6 5. Nc3 a6 6. Be2 e6 7. O-O Be7 8. Be3
O-O 9. f4 Qc7 10. Bf3 Bd7 11. Qe1 Nc6 12. Nb3 Rac8 13. a3 b5 14. Qg3 Rfd8 15.
Rad1 Be8 16. f5 Ne5 17. fxe6 fxe6 18. Bh6 Bf8 19. Bg5 Be7 20. Be2 Nh5 21. Qf2
Bg6 22. Bxe7 Qxe7 23. Nd4 Nf6 24. Bd3 Neg4 25. Qh4 Qa7 26. Be2 Ne3 27. Kh1 Nxd1
28. Rxd1 Re8 29. Bf3 Qc5 30. Qh3 Qe5 31. Nde2 a5 32. Rd4 Rc4 33. Rxc4 bxc4 34.
Qg3 Qxg3 35. hxg3 Rb8 36. g4 Rxb2 37. g5 Nd7 38. Nd4 Nc5 39. Bg4 Kf7 40. e5
dxe5 41. Nc6 Rxc2 42. Nxe5+ Ke7 43. Nb5 Be4 44. Bf3 Bxf3 45. gxf3 Nd3 46. Nc6+
Kf7 47. Ncd4 Rf2 48. Kg1 Ra2 49. Nd6+ Kg6 50. Nxc4 e5 51. Ne6 a4 52. Kf1 h5 53.
gxh6 gxh6 54. Nf8+ Kg5 55. Ne6+ Kf5 56. Ng7+ Kf4 57. Nh5+ Kxf3 58. Kg1 e4 59.
Nf6 e3 60. Nxe3 Kxe3 61. Nd5+ Kf3 62. Nc3 Rxa3 63. Nd1 Ra1 64. Kh2 Rxd1 0-1

[Event "2021 FIDE Online Olympiad"]
[Site "Chess.com"]
[Date "2021.08.28"]
[Round "4.2"]
[White "Matola, Ernest"]
[Black "Matoewi, Roger"]
[Result "1-0"]
[WhiteElo "1812"]
[BlackElo "2015"]
[PlyCount "95"]
[EventDate "2021.08.27"]
[EventType "team"]
[EventRounds "9"]
[SourceVersionDate "2018.05.14"]
[WhiteTeam "Malawi"]
[BlackTeam "Suriname"]
[WhiteTeamCountry "MWI"]
[BlackTeamCountry "SUR"]

1. Nf3 g6 2. g3 Bg7 3. Bg2 d6 4. O-O e5 5. d3 Nf6 6. Nbd2 O-O 7. e4 Nc6 8. c3
Bg4 9. h3 Bd7 10. a4 a5 11. Re1 Qc8 12. Kh2 h6 13. Nf1 Kh7 14. d4 Nh5 15. d5
Ne7 16. Ne3 f5 17. exf5 Nxf5 18. Nxf5 Bxf5 19. g4 e4 20. Nd4 Be5+ 21. Kg1 Bd7
22. gxh5 Bxh3 23. hxg6+ Kxg6 24. Bxe4+ Kf6 25. f4 Rf7 26. fxe5+ dxe5 27. Kh2
Ke7 28. Qh5 Qg4 29. Qxg4 Bxg4 30. Bg2 Rg8 31. Rxe5+ Kd6 32. Re4 Rf2 33. Bf4+
Kd7 34. Bg3 Rxb2 35. Rf1 h5 36. Rf7+ Kc8 37. Rxc7+ Kd8 38. Rh7 Kc8 39. Rf4 Rd2
40. Rff7 Rb2 41. d6 h4 42. Rxh4 Bd7 43. Rhh7 Bxa4 44. d7+ Bxd7 45. Rxd7 a4 46.
Rc7+ Kd8 47. Ne6+ Ke8 48. Rhe7# 1-0

[Event "2021 FIDE Online Olympiad"]
[Site "Chess.com"]
[Date "2021.08.28"]
[Round "4.3"]
[White "dos Ramos, Rosangela"]
[Black "Shriyan Santosh, Priyasha"]
[Result "0-1"]
[WhiteElo "1765"]
[BlackElo "1542"]
[PlyCount "72"]
[EventDate "2021.08.27"]
[EventType "team"]
[EventRounds "9"]
[SourceVersionDate "2018.05.14"]
[WhiteTeam "Suriname"]
[BlackTeam "Malawi"]
[WhiteTeamCountry "SUR"]
[BlackTeamCountry "MWI"]

1. e4 g6 2. d4 Bg7 3. Nf3 a6 4. Be3 b5 5. Bd3 Bb7 6. c3 d6 7. O-O Nd7 8. Re1
Ngf6 9. Qc2 O-O 10. Nbd2 Rc8 11. Nf1 c5 12. Rad1 c4 13. Be2 Bxe4 14. Qc1 Re8
15. Bh6 Bh8 16. Ng5 Bb7 17. Bf3 Bxf3 18. Nxf3 Qb6 19. Ng3 e5 20. Qg5 e4 21. Nh4
Nf8 22. Bxf8 Kxf8 23. Qf4 d5 24. Qg5 Bg7 25. Qd2 Kg8 26. h3 a5 27. f3 exf3 28.
Nxf3 b4 29. Ne5 h5 30. Rf1 Rxe5 31. Kh1 Ree8 32. Rde1 Qc7 33. Ne2 Ne4 34. Qc1
bxc3 35. bxc3 Re7 36. Kg1 Rce8 0-1

[Event "2021 FIDE Online Olympiad"]
[Site "Chess.com"]
[Date "2021.08.28"]
[Round "4.4"]
[White "Msukwa, Tupokiwe"]
[Black "Kaslan, Alexandra"]
[Result "1/2-1/2"]
[WhiteElo "1299"]
[BlackElo "1435"]
[PlyCount "104"]
[EventDate "2021.08.27"]
[EventType "team"]
[EventRounds "9"]
[SourceVersionDate "2018.05.14"]
[WhiteTeam "Malawi"]
[BlackTeam "Suriname"]
[WhiteTeamCountry "MWI"]
[BlackTeamCountry "SUR"]

1. d4 Nf6 2. c4 e6 3. Nc3 d5 4. a3 c6 5. e3 Nbd7 6. Nf3 Bd6 7. Be2 O-O 8. O-O
Re8 9. Qc2 h6 10. b4 b6 11. h3 Bb7 12. Bb2 c5 13. bxc5 bxc5 14. cxd5 cxd4 15.
dxe6 dxc3 16. exd7 Qxd7 17. Qxc3 Rac8 18. Qb3 Bd5 19. Qd1 Bxf3 20. Bxf3 Qe7 21.
Qa4 Bc5 22. Rfd1 Red8 23. Qa5 Bb6 24. Rxd8+ Rxd8 25. Qe1 Qe6 26. Rd1 Rd6 27.
Rxd6 Qxd6 28. Qc3 Kf8 29. a4 Bc5 30. Qc2 Ke7 31. Qb3 Bb6 32. Ba3 Bc5 33. Qb7+
Ke6 34. Qc8+ Nd7 35. Bg4+ f5 36. Bxf5+ Kxf5 37. Bxc5 Qxc5 38. Qxd7+ Kf6 39. Qb5
Qc1+ 40. Kh2 Qc7+ 41. Kg1 Qc1+ 42. Kh2 Qc7+ 43. g3 g5 44. Qa6+ Kg7 45. Qd3 Qf7
46. Qd4+ Kg8 47. Qd8+ Kh7 48. Qd3+ Kg8 49. Qd8+ Kh7 50. Qd3+ Kg8 51. Kg2 Qb7+
52. Kh2 Qf7 1/2-1/2

[Event "2021 FIDE Online Olympiad"]
[Site "Chess.com"]
[Date "2021.08.28"]
[Round "4.5"]
[White "Kalidjo, Imaan"]
[Black "Kaliba, Andrew"]
[Result "1-0"]
[WhiteElo "1692"]
[BlackElo "1000"]
[PlyCount "107"]
[EventDate "2021.08.27"]
[EventType "team"]
[EventRounds "9"]
[SourceVersionDate "2018.05.14"]
[WhiteTeam "Suriname"]
[BlackTeam "Malawi"]
[WhiteTeamCountry "SUR"]
[BlackTeamCountry "MWI"]

1. c4 Nf6 2. g3 c5 3. Bg2 Nc6 4. Nc3 e6 5. e4 d6 6. Nge2 Be7 7. O-O O-O 8. d3
Rb8 9. h3 e5 10. Be3 Be6 11. f4 exf4 12. gxf4 Qc8 13. Kh2 Qc7 14. Ng3 a6 15. a4
Nb4 16. Qe2 Bd7 17. Bc1 Nc6 18. Be3 Nb4 19. Rae1 b5 20. axb5 axb5 21. Bg1 bxc4
22. dxc4 Nc6 23. e5 Ne8 24. Nd5 Qd8 25. Be4 f5 26. Bb1 dxe5 27. fxe5 Bh4 28.
Rf3 Nd4 29. Bxd4 cxd4 30. e6 f4 31. Nxf4 Bc6 32. e7 Bxe7 33. Nd5 Bd6 34. b3
Bxd5 35. cxd5 Bxg3+ 36. Rxg3 Qxd5 37. Qc2 Nf6 38. Reg1 Qe5 39. Kh1 Rf7 40. b4
Rfb7 41. Ba2+ Kf8 42. Qc4 Qe4+ 43. R3g2 Qf5 44. Kh2 Qf4+ 45. Kh1 Qh4 46. Rh2
Qe4+ 47. Rhg2 Qf5 48. Rg3 Qe4+ 49. Kh2 Qf5 50. Rf1 Qc8 51. Rxf6+ gxf6 52. Qg8+
Ke7 53. Rg7+ Kd6 54. Qd5# 1-0

[Event "2021 FIDE Online Olympiad"]
[Site "Chess.com"]
[Date "2021.08.28"]
[Round "4.6"]
[White "Dutt, Lakshita"]
[Black "Kaslan, Catherine"]
[Result "1-0"]
[WhiteElo "1715"]
[BlackElo "1856"]
[PlyCount "45"]
[EventDate "2021.08.27"]
[EventType "team"]
[EventRounds "9"]
[SourceVersionDate "2018.05.14"]
[WhiteTeam "Malawi"]
[BlackTeam "Suriname"]
[WhiteTeamCountry "MWI"]
[BlackTeamCountry "SUR"]

1. d4 Nf6 2. c4 e6 3. Nc3 d5 4. cxd5 exd5 5. Bg5 Be7 6. Nf3 c6 7. e3 O-O 8. Bd3
Re8 9. O-O Nbd7 10. Qc2 Nf8 11. h3 b6 12. Ne5 Bb7 13. Rac1 Bd6 14. f4 c5 15.
Bb5 Re7 16. Bxf6 gxf6 17. Ng4 Rc7 18. Qf5 Kg7 19. Qh5 Ne6 20. Qh6+ Kh8 21. Nxf6
Nf8 22. Bd3 Be7 23. Nxh7 1-0

[Event "2021 FIDE Online Olympiad"]
[Site "Chess.com"]
[Date "2021.08.28"]
[Round "5.1"]
[White "Kamwendo, Precious"]
[Black "Van den Brink, Peter"]
[Result "1/2-1/2"]
[WhiteElo "1934"]
[BlackElo "2185"]
[PlyCount "67"]
[EventDate "2021.08.27"]
[EventType "team"]
[EventRounds "9"]
[SourceVersionDate "2018.05.14"]
[WhiteTeam "Malawi"]
[BlackTeam "Aruba"]
[WhiteTeamCountry "MWI"]
[BlackTeamCountry "ARN"]

1. Nf3 c5 2. d4 cxd4 3. Nxd4 Nc6 4. Nc3 g6 5. e4 Bg7 6. Be3 Nf6 7. f3 O-O 8.
Qd2 d5 9. O-O-O dxe4 10. Nxc6 Qxd2+ 11. Rxd2 bxc6 12. fxe4 Ng4 13. Nd1 Nxe3 14.
Nxe3 Bh6 15. Rd3 Be6 16. Kd2 f5 17. exf5 Rxf5 18. Be2 Rf2 19. Ke1 Raf8 20. Bf3
R8xf3 21. gxf3 Rxf3 22. Ke2 Rh3 23. b3 Kg7 24. Kf2 Bf4 25. Ng2 Rxh2 26. Rxh2
Bxh2 27. Re3 Kf6 28. Ne1 Bc7 29. Rf3+ Bf5 30. Rc3 Bd7 31. Rd3 Bf5 32. Rc3 Bd7
33. Rd3 Bf5 34. Rc3 1/2-1/2

[Event "2021 FIDE Online Olympiad"]
[Site "Chess.com"]
[Date "2021.08.28"]
[Round "5.2"]
[White "Franken, Angelo"]
[Black "Mwangupili, Francisco"]
[Result "1/2-1/2"]
[WhiteElo "1686"]
[BlackElo "1874"]
[PlyCount "119"]
[EventDate "2021.08.27"]
[EventType "team"]
[EventRounds "9"]
[SourceVersionDate "2018.05.14"]
[WhiteTeam "Aruba"]
[BlackTeam "Malawi"]
[WhiteTeamCountry "ARN"]
[BlackTeamCountry "MWI"]

1. e4 e5 2. Nf3 Nc6 3. Bb5 Nf6 4. O-O Be7 5. Re1 d6 6. h3 O-O 7. d4 exd4 8.
Bxc6 bxc6 9. Nxd4 Bb7 10. Nc3 c5 11. Nf5 Qd7 12. Nxe7+ Qxe7 13. Bg5 Qe6 14.
Bxf6 Qxf6 15. f3 Bc6 16. Qd2 Rab8 17. b3 h6 18. Rad1 Rfe8 19. Ne2 Qb2 20. c4
Qxd2 21. Rxd2 a5 22. Kf2 a4 23. Rd3 axb3 24. axb3 Rb4 25. Nf4 Reb8 26. Ree3 f6
27. Nd5 Bxd5 28. exd5 Kf7 29. f4 Re8 30. g4 Rbb8 31. Kf3 Ra8 32. f5 Ra1 33.
Rxe8 Kxe8 34. Re3+ Kf7 35. Ke4 Rd1 36. Kf4 Rd2 37. Ke4 Rf2 38. Kd3 Rf1 39. Ke2
Rh1 40. Kd3 Rf1 41. Ke2 Rf4 42. Kd3 h5 43. Rg3 Rf1 44. Ke2 Ra1 45. g5 Rb1 46.
g6+ Ke7 47. Re3+ Kd7 48. Kf3 Rg1 49. Kf2 Rg5 50. Rf3 c6 51. dxc6+ Kxc6 52. Ke3
d5 53. cxd5+ Kxd5 54. Kf4 h4 55. Re3 Kd6 56. Rd3+ Kc7 57. Rc3 Kd6 58. Rd3+ Kc7
59. Re3 Kd7 60. Rc3 1/2-1/2

[Event "2021 FIDE Online Olympiad"]
[Site "Chess.com"]
[Date "2021.08.28"]
[Round "5.3"]
[White "Shriyan Santosh, Priyasha"]
[Black "Jacobs, Annelaine"]
[Result "1-0"]
[WhiteElo "1542"]
[BlackElo "1612"]
[PlyCount "79"]
[EventDate "2021.08.27"]
[EventType "team"]
[EventRounds "9"]
[SourceVersionDate "2018.05.14"]
[WhiteTeam "Malawi"]
[BlackTeam "Aruba"]
[WhiteTeamCountry "MWI"]
[BlackTeamCountry "ARN"]

1. d4 g6 2. c4 Bg7 3. Nc3 Nf6 4. e4 d6 5. h3 O-O 6. Nf3 Nbd7 7. Be2 e5 8. O-O
Re8 9. dxe5 Nxe5 10. Nxe5 Rxe5 11. Bf4 Re8 12. Qc2 a6 13. Rad1 Qe7 14. Bf3 Be6
15. b3 Rad8 16. Rfe1 c6 17. Bg5 Qc7 18. Na4 Rd7 19. Be3 c5 20. Nc3 Red8 21. Bf4
Qc8 22. Qc1 Qb8 23. a4 Qa7 24. Nd5 Nxd5 25. exd5 Bf5 26. g4 Bxg4 27. hxg4 Qb8
28. Bg3 Qc7 29. Re2 Kf8 30. Rde1 Qc8 31. Qc2 Rc7 32. Qe4 Qd7 33. Qd3 Rcc8 34.
Kg2 Re8 35. Rxe8+ Rxe8 36. Rxe8+ Qxe8 37. Bxd6+ Kg8 38. Bxc5 Qd7 39. Bd4 Bxd4
40. Qxd4 1-0

[Event "2021 FIDE Online Olympiad"]
[Site "Chess.com"]
[Date "2021.08.28"]
[Round "5.4"]
[White "Aponte, Samantha"]
[Black "Simwaba, Anne"]
[Result "0-1"]
[WhiteElo "1087"]
[BlackElo "1271"]
[PlyCount "98"]
[EventDate "2021.08.27"]
[EventType "team"]
[EventRounds "9"]
[SourceVersionDate "2018.05.14"]
[WhiteTeam "Aruba"]
[BlackTeam "Malawi"]
[WhiteTeamCountry "ARN"]
[BlackTeamCountry "MWI"]

1. e4 e6 2. d4 d5 3. e5 c5 4. Nf3 Nc6 5. Nc3 cxd4 6. Nxd4 Nxe5 7. Bf4 Nc6 8.
Bb5 Bd7 9. O-O Nxd4 10. Qxd4 b6 11. Rfe1 Nf6 12. a3 Be7 13. Rad1 O-O 14. Bg5 h6
15. Bh4 Bxb5 16. Nxb5 Nd7 17. Bxe7 Qxe7 18. Nc3 Qc5 19. Qf4 Rac8 20. Re3 Qc7
21. Qh4 Qd8 22. Qd4 Qg5 23. Rg3 Qe5 24. Qh4 Qf6 25. Qh5 g5 26. Rf3 Qg6 27. Qg4
f5 28. Qd4 Qf6 29. Qd3 Nc5 30. Qd4 Qxd4 31. Rxd4 Nd7 32. Rfd3 Rcd8 33. Rd1 Nf6
34. Re1 Rfe8 35. Nb5 e5 36. Rdd1 d4 37. Nxa7 e4 38. Nc6 Rc8 39. Nxd4 Red8 40.
c3 f4 41. Ne6 Re8 42. Nd4 Re5 43. Nb5 Rxb5 44. Re2 Re5 45. Rd6 Kg7 46. Rxb6 Rd8
47. Rb7+ Kg6 48. Rb6 Rd1+ 49. Re1 Rxe1# 0-1

[Event "2021 FIDE Online Olympiad"]
[Site "Chess.com"]
[Date "2021.08.28"]
[Round "5.6"]
[White "Sagastegui, Thamara"]
[Black "Dutt, Lakshita"]
[Result "0-1"]
[WhiteElo "1282"]
[BlackElo "1715"]
[PlyCount "170"]
[EventDate "2021.08.27"]
[EventType "team"]
[EventRounds "9"]
[SourceVersionDate "2018.05.14"]
[WhiteTeam "Aruba"]
[BlackTeam "Malawi"]
[WhiteTeamCountry "ARN"]
[BlackTeamCountry "MWI"]

1. e4 e5 2. Nf3 Nc6 3. d4 exd4 4. Nxd4 Bc5 5. Be3 Qf6 6. Nxc6 Bxe3 7. fxe3 dxc6
8. Nc3 Ne7 9. Qf3 Qxf3 10. gxf3 Be6 11. f4 f5 12. exf5 Nxf5 13. Kf2 O-O-O 14.
Bd3 g6 15. Ne4 Bd5 16. Rhg1 Rhe8 17. Nf6 Re6 18. Bxf5 gxf5 19. Nxh7 Rh6 20. Ng5
Rxh2+ 21. Ke1 Rxc2 22. b3 Be4 23. Nxe4 fxe4 24. Rd1 Rxd1+ 25. Kxd1 Rxa2 26.
Rg8+ Kd7 27. Kc1 Re2 28. Rg3 b5 29. f5 Rf2 30. Rg4 Rxf5 31. Rxe4 Kd6 32. Kd2
Re5 33. Rf4 a5 34. Rf6+ Re6 35. Rf4 Re5 36. Rf6+ Kc5 37. Rf4 Rd5+ 38. Kc2 Re5
39. Kd3 Kd6 40. Rf6+ Re6 41. Rf4 c5 42. Rg4 c6 43. Rg5 Re5 44. Rg6+ Kd5 45. e4+
Rxe4 46. Rg5+ Re5 47. Rg4 c4+ 48. bxc4+ bxc4+ 49. Kc3 Re3+ 50. Kc2 a4 51. Rg5+
Kd4 52. Ra5 Rc3+ 53. Kb2 Rb3+ 54. Kc2 a3 55. Ra4 Rf3 56. Kb1 Rb3+ 57. Ka2 Kc3
58. Ra6 c5 59. Rc6 Kb4 60. Rb6+ Ka4 61. Ra6+ Kb5 62. Ra8 Kb4 63. Rb8+ Kc3 64.
Rc8 Rb5 65. Ra8 Rb3 66. Rc8 Kc2 67. Rxc5 c3 68. Rh5 Rb2+ 69. Ka1 Rb1+ 70. Ka2
Rb2+ 71. Ka1 a2 72. Rh2+ Kb3 73. Rh1 Ka3 74. Rc1 Kb3 75. Rh1 Rc2 76. Rd1 Rd2
77. Rh1 c2 78. Rh3+ Kc4 79. Rh4+ Rd4 80. Rh1 Rd1+ 81. Rxd1 cxd1=Q+ 82. Kxa2
Qb3+ 83. Ka1 Qb8 84. Ka2 Kc3 85. Ka1 Qb2# 0-1